Statistics for Inglourious Basterds Cast

Click here to take the quiz!

General Stats

  • This quiz has been taken 127 times
  • The average score is 6 of 20

Answer Stats

HintAnswer% Correct
Lt. Aldo RaineBrad Pitt
99%
Col. Hans LandaChristoph Waltz
90%
Lt. Archie HicoxMichael Fassbender
56%
Sgt. Donny "The Bear Jew" DonowitzEli Roth
53%
Bridget von HammersmarkDiane Kruger
52%
Shosanna Dreyfus (Emmanuelle Mimieux)Mélanie Laurent
43%
(Narrator)Samuel L. Jackson
43%
Private Frederick ZollerDaniel Brühl
42%
General Ed FenechMike Myers
41%
Sergeant Hugo StiglitzTil Schweiger
28%
Major Dieter HellstromAugust Diehl
17%
Charlotte LaPaditeLéa Seydoux
17%
Perrier LaPaditeDenis Menochet
10%
MarcelJacky Ido
10%
Joseph GoebbelsSylvester Groth
10%
Adolf HitlerMartin Wuttke
9%
Master Sergeant WilhelmAlexander Fehling
8%
Winston ChurchillRod Taylor
6%
EricChristian Berkel
4%
American Colonel in "Pride of the Nation"Bo Svenson
2%

Score Distribution

Percentile by Number Answered

Percent of People with Each Score

Your Score History

You have not taken this quiz